| 000 | 00742cam a2200265 4500 | ||
|---|---|---|---|
| 008 | 021202n1976 000 0 eng u | ||
| 020 | _a0117240850 | ||
| 035 | _a(Sirsi) u120625 | ||
| 050 |
_a695.96 _c18 |
||
| 110 | _aBuilding Research Establishment | ||
| 245 | _aRoof drainage : part 2 | ||
| 260 |
_aLondon _bHMSO _c1976 |
||
| 300 |
_a4p. _bill. _c30cm. |
||
| 350 | _a0.07 | ||
| 490 |
_aBRE Digest _v189 |
||
| 650 | _aDRAINAGE | ||
| 650 | _aGUTTERS | ||
| 650 | _aPARAPETS | ||
| 650 | _aRAINWATER | ||
| 650 | _aBUILT ENVIRONMENT-BUILDING ELEMENTS-COMPLETE BUILDING ELEMENTS-ROOFS | ||
| 650 | _aROOF VALLEYS | ||
| 690 |
_aBlock management _96220 |
||
| 710 |
_aUnited Kingdom _bDepartment of the Environment _9982 |
||
| 942 | _n0 | ||
| 999 |
_c102540 _d102540 |
||